|
|
|
|
| LEADER |
01088cam a2200289 7i4500 |
| 001 |
0000034403 |
| 005 |
20170218090000.0 |
| 008 |
101216 eng |
| 020 |
|
|
|a 9780137053469
|
| 020 |
|
|
|a 0137035152 (hbk.)
|
| 020 |
|
|
|a 0137053460
|
| 020 |
|
|
|a 9780137035151 (hbk.)
|
| 090 |
0 |
0 |
|a QA76.758
|b .S66 2011
|
| 100 |
1 |
|
|a Sommerville, Ian
|
| 245 |
1 |
0 |
|a Software engineering
|c Ian Sommerville.
|
| 250 |
|
|
|a 9th ed.
|
| 260 |
|
|
|a Boston:
|b Addison-Wesley,
|c 2011.
|
| 300 |
|
|
|a xv, 773 p.:
|b ill.;
|c 24 cm.
|
| 504 |
|
|
|a Includes bibliographical references and index
|
| 650 |
0 |
0 |
|a Software engineering
|
| 997 |
|
|
|a Communication, Visual Art & Computing, Faculty
|b Computing, Department
|
| 998 |
|
|
|a Information Technology, Master
|
| 999 |
|
|
|a 0000046007
|b BOK
|c OPEN SHELF
|e 2nd Floor, Bestari Jaya
|
| 999 |
|
|
|a 0000046008
|b BOK
|c OPEN SHELF
|e 2nd Floor, Bestari Jaya
|
| 999 |
|
|
|a 0000046009
|b BOK
|c OPEN SHELF
|e 2nd Floor, Bestari Jaya
|
| 999 |
|
|
|a 0000046010
|b BOK
|c OPEN SHELF
|e 2nd Floor, Bestari Jaya
|
| 999 |
|
|
|a 0000046011
|b BOK
|c OPEN SHELF
|e 2nd Floor, Bestari Jaya
|